MDQL
is popping MORE tags! Check the
thread
!
Quizzes
Events
Quiz Creation
Community
Videos
Private Events
Remove Ads
Sign In
Join for FREE
Feedback
Dark Mode
Quiz Categories
Sports
Geography
Music
Movies
Television
Just For Fun
Miscellaneous
History
Literature
Language
Science
Gaming
Entertainment
Religion
Holiday
For Kids
Quiz Lab
Recent
Popular Today
Quiz Kudos Today
Editor Picks
Curator Picks
Quizzes by...
Day
Popularity
Type
Ratings
Length
Year
Community
Subscriptions
Recent Discussions
Orange Saloon
Badges
Playlists
Quests
Create
Leaderboards
Showdown
Live 5
Trivia Bingo
Activity
Puzzle Library
Sporcle Events
Private Events
Virtual Trivia
Globe League
Become a Host
Pub Owners
SporcleCon
Opinionation
Our Games
Videos
Blog
Mobile Apps
Partnerships
Remove Ads and Go Orange
Feedback
Sports
Athletes
MLB
NBA
NHL
NFL
Soccer
Sports Teams
WWE
NCAA
Football
Premier League
Basketball
Baseball
Hockey
Golf
Tennis
Cricket
Rugby
Auto Racing
Olympics
World Cup
Sports
Athletes
MLB
NBA
NHL
NFL
Soccer
Sports Teams
WWE
NCAA
Football
Premier League
Basketball
Baseball
Hockey
Golf
Tennis
Cricket
Rugby
Auto Racing
Olympics
World Cup
Random Quiz
Search Sporcle
×
Quiz Lab
Quiz Lab
Sports
national
Type in answers that appear in a list
Type in answers that appear in a list
Classic
Best Score? Go Orange.
Grand National Runners 2014 Stats
Can you name the 40 horses that ran in the 2014 Grand National?
By
nr9591
7m
40 Questions
34 Plays
34 Plays
34 Plays
Comments
Comments
Give Quiz Kudos
Give Quiz Kudos
-
- Ratings
hide this ad
Replay
Link that replays current quiz
Next Quiz
Link to next quiz in quiz playlist
You Got
0%
They Got
Avg Score
35%
Avg Friend Score
Upgrade to see
Score Distribution
Jump to the score distribution portion of the page
Score
0/40
Timer
07:00
0
Plays Today
Horse Name
% Correct
Pineau De Re
91.2%
Balthazar King
88.2%
Double Seven
70.6%
Colbert Station
58.8%
Rocky Creek
58.8%
Across The Bay
55.9%
Long Run
55.9%
Teaforthree
52.9%
Tidal Bay
52.9%
Monbeg Dude
50%
Alvarado
47.1%
Big Shu
41.2%
Shakalakaboomboom
41.2%
The Package
41.2%
Vesper Bell
35.3%
Chance Du Roy
32.4%
Mountainous
32.4%
Mr Moonshine
32.4%
The Rainbow Hunter
32.4%
Burton Port
29.4%
Horse Name
% Correct
Triolo D'Alene
29.4%
Battle Group
26.5%
Golan Way
26.5%
Buckers Bridge
23.5%
Prince De Beauchene
23.5%
Raz De Maree
23.5%
Swing Bill
23.5%
Twirling Magnet
23.5%
Walkon
23.5%
Kruzhlinin
20.6%
One In A Milan
20.6%
Our Father
20.6%
Quito De La Roque
20.6%
Wayward Prince
20.6%
Hunt Ball
17.6%
Hawkes Point
14.7%
Last Time D'Albain
14.7%
Lion Na Bearnai
14.7%
Rose Of The Moon
14.7%
Vintage Star
14.7%
Quiz Playlist
Details
Report
Send in Message
Add To Playlist
Classic:
Type in answers that appear in a list
Quiz Source
Last Updated: Feb 16, 2017
Quiz Scoreboard
CHALLENGE
Sign Up to Join the Scoreboard
Show All
Scores
Hide
Comments
May contain spoilers
Recently Published
1-10 Letter E Words III
by El_Dandy
Language
2m
Street Fighter Characters
by Artimus82
Gaming
60s
College Basketball Coaching Resumes
by pancakes188
Sports
9m
More to Explore
Quiz From the Vault
Featured Blog Post
Where Did the Easter Bunny Come From?
hide this ad
You Might Also Like...
Tags
2014
grand
horse
national
Runner
Today's Top Quizzes in Sports
Browse Sports
hide this ad
Today's Top Quizzes in national
Browse national
Top Contributed Quizzes in Sports
1
2022 World Cup Stars
2
Les meilleurs buteurs des matchs entre le PSG et l’OM
3
FIFA Club World Cup Champions
4
Les entraîneurs de l'OM et du PSG au 21e siècle
5
Criteria MLB: Left Handed Sluggers
6
2023 MLB Unique Player Accomplishments
7
AFC Teams Reveal (Wrong Answers Minefield)
8
Players with Multiple 50 Home Run Seasons
9
5-to-1: FBS Animal Nicknames
10
5-to-1: UK Sports Teams
Explore More
Trending Topics
Disney
Kpop
Harry Potter
NBA
Crossword
Anime
Marvel
Puzzle
Soccer
Song
WWE
Country
Pokémon
NFL
The Office
hide this ad
More By:
nr9591
Quiz
Plays
Rating
Category
Featured
Created
Robbie Williams Songs (1997-2013)
282
5.00
Music
Feb 21, 2014
Grand National Runners 2014
34
5.00
Sports
Apr 6, 2014
Go to Creator's Profile
Score Distribution
Quiz Creator Spotlight
nr9591
Follow
Send a Message
Quizzes Created
-
Created Quiz Play Count
-
More By This Creator
Popular Quizzes Today
1
Find the US States - No Outlines Minefield
2
Find the Countries of Europe - No Outlines Minefield
3
The Countries of the World
4
Find the US States
5
Risky Map Clicking: Biggest States A-Z
6
US States
7
Popular People in 1961
8
Movies - When Are They Set?
More Sports Quizzes
Yankees At Bat Leaders
Quiz Lab
Trending Quizzes
Risky Map Clicking: Least Populous States A-Z
USA Borders Longest to Shortest
1-10 Letter G Words
1-10 Letter F Words
Countries of the World: 200 Million BC
Recently Updated
Leaping Animals
pecheneg
Reality TV Shows (A-Z)
bhenderson79
Rickey Henderson's Hall of Fame Teammates
pecheneg
Champions League XIs: Arsenal
pecheneg
Quick Pick: Celebrities in WWE's Hall of Fame
aduchscher
A-Z Keypad Blitz II
pecheneg
Multiple Oscar Actors
pecheneg
Mystery Phrase Blitz: Oscar 'Best Actors'
pecheneg
F. Scott Fitzgerald Novels
LTH
Pick 3 Villains
ddd62291
Trending Topics
Kpop
Marvel
Anime
Harry Potter
Crossword
Disney
NBA
Country
NFL
WWE
Soccer
Pokémon
Song
Puzzle
The Office
Your Account Isn't Verified!
In order to create a playlist on Sporcle, you need to verify the email address you used during registration. Go to your
Sporcle Settings
to finish the process.
Report this User
Report this user for behavior that violates our
Community Guidelines
.
Details:
Send Report
Go to the Sporcle.com Mobile Site →
Comments